00378nam a22001217a 4500082001300000100003300013245003200046260003200078300000900110942000700119999001500126952011500141 a327.5491 aMinistry of Foreign Affairs aJoint Communiques 1998-2014 aIslamabadbGovt of Pakistan a735p cBK c2706d2706 001040708NFICaNLSbNLScGENd2016-03-15l1o327.5491 MINpS3H-D-82r2019-08-03s2019-07-23w2016-03-15yBK